| 000 | 00453nam a2200157 4500 | ||
|---|---|---|---|
| 001 | 1590 | ||
| 005 | 20181127163552.0 | ||
| 100 | 0 | 0 | _aSingh, Madanjeet. |
| 245 | 0 | 0 |
_aRenewable energy of the sun / _b _cMadanjeet Singh. _h |
| 260 |
_aParis : _bUNESCO Publishing, _c1996. |
||
| 300 | 0 | 0 | _a79 p. : col. ill. |
| 500 | _aRenewable Energy for life and peace with Nature. | ||
| 500 | 0 | 0 | _a"UNESCO." |
| 650 | 0 | 0 |
_aRenewable energy sources. _x |
| 650 | 0 | 0 |
_aSolar energy. _x |
| 999 |
_c1187 _d1187 |
||